000 01344nam a2200409 i 4500
001 11329
003 KOSZ 005
005 20200818085906.0
008 080416s1965 pl a f f 000 0 pol
015 _aPB 1965/1944
040 _aWA N
_cWA N
_dKOSZ 005/RW
_dKOSZ 005/HR
046 _k1965
080 _a539.3
080 _a624.01/.07
080 _a(075.8)
100 1 _aDerski, Włodzimierz
_eAutor
245 1 0 _aPodstawy teorii sprężystości /
_cWłodzimierz Derski.
250 _aWyd. 2.
260 _aWarszawa :
_bPaństwowe Wydawnictwo Naukowe,
_c1965.
300 _a339 s. :
_bil. ;
_c24 cm.
336 _2rdacontent
_aTekst
_btxt
337 _2rdamedia
_aBez urządzenia pośredniczącego
_bn
338 _2rdacarrier
_aWolumin
_bnc
380 _aKsiążki
380 _aPublikacje dydaktyczne
385 _mPoziom nauczania
_aSzkoły wyższe
388 _a1901-2000
388 _a1945-1989
504 _aBibliogr. s. 333-334.
521 8 _aSkrypt dla studentów wyższych szkół technicznych.
650 4 _aSprężystość
655 4 _aPodręczniki akademickie
658 _aFizyka i astronomia
710 2 _aPaństwowe Wydawnictwo Naukowe
_4pbl.
856 _uhttp://koha.tu.koszalin.pl/cgi-bin/koha/opac-detail.pl?biblionumber=11329
_yKatalog online BPK
942 _2UKD
_cKS
999 _c11329
_d11329